Sociálny štát v kontexte sociálnych reforiem v SR

Sociálny štát a jeho súčasná modernizácia. Reformy sociálnych systémov smerujúce k výraznej redukcii vplyvu sociálneho štátu a verejného sektora, k absolútnej deregulácii trhu práce, k uplatňovaniu nových foriem zabezpečovania sociálnych práv. Slovensko začalo od roku 2004 realizovať "novú sociálnu...

Descripción completa

Guardado en:
Detalles Bibliográficos
Autor principal: Ošková, Silvia, 1979-
Otros Autores: Husáková, Mária
Formato: Capítulo de libro
Lenguaje:eslovaco
Materias:
Etiquetas: Agregar Etiqueta
Sin Etiquetas, Sea el primero en etiquetar este registro!

MARC

LEADER 00000naa$a2200000$$$4500
001 0050689
005 20240502083133.1
041 0 |a slo 
044 |a CZ 
245 1 0 |a Sociálny štát v kontexte sociálnych reforiem v SR  |c Silvia Ošková, Mária Husáková 
520 |a Sociálny štát a jeho súčasná modernizácia. Reformy sociálnych systémov smerujúce k výraznej redukcii vplyvu sociálneho štátu a verejného sektora, k absolútnej deregulácii trhu práce, k uplatňovaniu nových foriem zabezpečovania sociálnych práv. Slovensko začalo od roku 2004 realizovať "novú sociálnu politiku", založenú na aktivácii, motivácii a odmene. Je zameraná na posilnenie zodpovednosti a účasti občana pri riešení svojej sociálnej situácie. Výsledky uplatňovania novej sociálnej politiky sú neuspokojivé. 
610 2 0 |a štát sociálny 
610 2 0 |a politika sociálna 
610 2 0 |a pomoc sociálna 
610 2 0 |a politika rodinná 
610 2 0 |a politika zamestnanosti 
610 2 0 |a systémy sociálno-ekonomické 
610 2 0 |a systémy dôchodkové 
610 2 0 |a reformy sociálne 
610 2 0 |a Slovensko 
100 1 |a Ošková, Silvia, 1979- 
700 1 |a Husáková, Mária